devine la taille - Statistiques

Statistiques générales
  • Ce quiz a été pris 48 fois
  • Le résultat moyen est 6 sur 13
Statistiques - réponses
Hint Réponse % Correct
taille de Mr Chaffaut debout sur les épaules de Mr Poncet 300
93%
taille du plus long PIPI CHEVIIILLLLE (nbre de personnes) 10
70%
Taille du tour de poitrine de Mr Popeye 100
53%
la courge de clemouille 17
48%
taille du suçon dans le cou de Clara 15
45%
la courge d'un éléphant 200
43%
taille de sabaaaaaat de pigatoo 30
43%
taille de Tonton H 175
40%
taille de l'homme le plus grand de tt les temps 272
40%
la courge de pigatooo 18
35%
taille de Mr Chaffaut 165
28%
Bonnet de Mr Popeye D
18%
la plus grande merguez du monde 241
15%
Aucun quiz correspondant
Distribution des résultats
% des personnes avec chaque résultat
Percentile par nombre de réponses
Votre historique - résultats
Vous n’avez pas pris ce quiz